|
|
|
|
| LEADER |
00000nam0a2200000 4500 |
| 001 |
274070 |
| 005 |
20231101234707.0 |
| 020 |
|
|
|a RU
|b 87-68446
|
| 035 |
|
|
|a (RuTPU)RU\TPU\book\297280
|
| 090 |
|
|
|a 274070
|
| 100 |
|
|
|a 20141030d1987 m y0rusy5003 ca
|
| 101 |
0 |
|
|a rus
|
| 102 |
|
|
|a RU
|
| 105 |
|
|
|a a j 000zy
|
| 200 |
1 |
|
|a Источники электропитания в химической технологии
|e учебное пособие
|f Е. Н. Долгов, А. А. Маркелов, В. П. Катушкин
|g Ленинградский технологический институт им. Ленсовета (ЛТИ)
|
| 210 |
|
|
|a Ленинград
|c Изд-во ЛТИ
|d 1987
|
| 215 |
|
|
|a 75 с.
|c ил.
|d 20 см
|
| 606 |
1 |
|
|a Химические заводы
|x Электрооборудование
|x Электропитание
|2 stltpush
|3 (RuTPU)RU\TPU\subj\31106
|9 54060
|
| 610 |
1 |
|
|a химическая технология
|
| 610 |
1 |
|
|a питание
|
| 610 |
1 |
|
|a выпрямители
|
| 610 |
1 |
|
|a трансформаторы
|
| 610 |
1 |
|
|a стабилизаторы напряжения
|
| 610 |
1 |
|
|a стабилизаторы тока
|
| 610 |
1 |
|
|a управляемые источники
|
| 610 |
1 |
|
|a учебные пособия
|
| 610 |
1 |
|
|a вторичные источники
|
| 675 |
|
|
|a 66.02(075.8)
|z rus
|v 3
|
| 700 |
|
1 |
|a Долгов
|b Е. Н.
|g Евгений Николаевич
|
| 701 |
|
1 |
|a Маркелов
|b А. А.
|g Александр Алексеевич
|
| 701 |
|
1 |
|a Катушкин
|b В. П.
|g Владимир Петрович
|
| 712 |
0 |
2 |
|a Ленинградский технологический институт им. Ленсовета (ЛТИ)
|2 stltpush
|3 (RuTPU)RU\TPU\col\1462
|
| 801 |
|
0 |
|a RU
|b RuMRKP
|c 19950417
|g psbo
|
| 801 |
|
1 |
|a RU
|b 63413507
|c 20141030
|
| 801 |
|
2 |
|a RU
|b 63413507
|c 20170117
|g RCR
|
| 942 |
|
|
|c BK
|